| 000 | 01247pab a2200169 454500 | ||
|---|---|---|---|
| 008 | 180718b1999 xxu||||| |||| 00| 0 eng d | ||
| 100 | _aKhandwalla, Pradip N. | ||
| 245 | _aRevitalizing the state: options for India | ||
| 260 | _c1999 | ||
| 300 | _ap.198-212 | ||
| 362 | _aJul-Sep | ||
| 520 | _aSuccessful experiments in governance the world over suggest a number of options for revitalizing the Indian state. These include options for achieving fairer representation in the legislature, for selecting in good and selecting out bad candidates for election, for professionalizing politics, for stabilizing fragile governments, and for professionalizing political executives. Based on the lessons of successful efforts in several Commonwealth and East Asian countries, options are discussed concerning the revitalization of the Indian bureaucracy. These include creative fragmentation of the monolithic bureaucracy, options for strengthening the responsiveness of public agencies to the public, options for revamping justice, options for energizing the management of social development, selective privatization, and selective deregulation. - Reproduced | ||
| 650 | _aState | ||
| 650 | _aBureaucracy | ||
| 773 | _aProductivity | ||
| 909 | _a43515 | ||
| 999 |
_c43515 _d43515 |
||